[Event "zt 2.4"]
[Site "Sao Paulo BRA"]
[Date "2000.06.13"]
[Round "9"]
[White "Sunye Neto,J"]
[Black "Milos,G"]
[Result "0-1"]
[WhiteElo "2555"]
[BlackElo "2620"]

1.Nf3 g6 2.d4 Bg7 3.e4 d6 4.c4 Nf6 5.Nc3 O-O 6.Be2 Na6 7.O-O e5 8.Re1 c6
9.Bf1 exd4 10.Nxd4 Ng4 11.Nf3 Qb6 12.Qd2 Nc5 13.h3 Ne5 14.Nd4 Bxh3 15.Nb3 Be6
16.Nxc5 dxc5 17.Na4 Qc7 18.Nxc5 Ng4 19.g3 Rad8 20.Qf4 Qa5 21.Be3 Bh6 22.Qxh6 Nxh6
23.Nxe6 fxe6 24.Bxh6 Rf7 25.Re2 Rfd7 26.e5 Rd1 27.Rxd1 Rxd1 28.a3 Kf7 29.Kg2 Ke8
30.Re4 Rb1 31.Bg5 c5 32.Bd3 Rxb2 33.Rf4 Qe1 34.Be4 Rxf2+ 35.Rxf2 Qxe4+ 36.Kh2 Qxe5
37.Bf4 Qe4 38.Rd2 Qxc4 39.Bg5 e5  0-1

[Event "Parkroyal Int"]
[Site "Surfers Paradise AUS"]
[Date "2000.06.13"]
[Round "7"]
[White "Wallace,JP"]
[Black "Zhao Zong Yuan"]
[Result "1-0"]
[WhiteElo "2367"]
[BlackElo "2242"]

1.Nf3 Nf6 2.c4 g6 3.Nc3 Bg7 4.e4 O-O 5.d4 d6 6.Be2 e5 7.Be3 exd4 8.Nxd4 Re8
9.f3 c6 10.Bf2 Nbd7 11.Qd2 d5 12.exd5 cxd5 13.O-O Ne5 14.c5 Nc4 15.Bxc4 dxc4
16.Rad1 Qa5 17.Ndb5 Be6 18.Nd6 Red8 19.Bd4 Qa6 20.Qf4 Nh5 21.Qg5 Bxd4+ 22.Rxd4 b6
23.c6 b5 24.Qc5 Qb6 25.Qxb6 axb6 26.c7 Rf8 27.Ndxb5 Nf6 28.Rfd1 Rfe8 29.Rd8 Kg7
30.Rxa8 Rxa8 31.Rd8  1-0

[Event "Ordix Open"]
[Site "Frankfurt GER"]
[Date "2000.06.16"]
[Round "1"]
[White "Epishin,V"]
[Black "Kraft,M"]
[Result "1-0"]
[WhiteElo "2667"]
[BlackElo "2185"]

1.d4 Nf6 2.c4 g6 3.Nc3 Bg7 4.e4 d6 5.Nf3 O-O 6.Be2 e5 7.O-O Nbd7 8.Re1 exd4
9.Nxd4 Re8 10.Bf1 Nc5 11.f3 a5 12.Be3 c6 13.Bf2 Qe7 14.Qd2 Qc7 15.Rad1 Rd8
16.e5 Nfd7 17.Nb3 Nxb3 18.exd6 Nxd2 19.dxc7 Rf8 20.Rxd2 b6 21.Na4 Ra7 22.Nxb6 Rxc7
23.Re7 Bf6 24.Nxc8 Bxe7 25.Nxe7+ Kg7 26.Bg3 Rb7 27.Nxc6  1-0

[Event "zt 1.4"]
[Site "Budapest HUN"]
[Date "2000.06.17"]
[Round "1"]
[White "Pinter,J"]
[Black "Manik,M"]
[Result "1-0"]
[WhiteElo "2553"]
[BlackElo "2469"]

1.d4 Nf6 2.c4 g6 3.Nc3 Bg7 4.e4 d6 5.Be2 O-O 6.Nf3 e5 7.O-O Nh5 8.Bg5 f6
9.Be3 Nf4 10.Bxf4 exf4 11.Qd2 g5 12.d5 f5 13.Nd4 Na6 14.Rfe1 fxe4 15.Nxe4 Nc5
16.Bh5 g4 17.Ne6 Nxe6 18.dxe6 Bxe6 19.Nxd6 Qd7 20.Qe2 cxd6 21.Qxe6+ Qxe6
22.Rxe6 g3 23.hxg3 fxg3 24.fxg3 Bxb2 25.Rd1 Rac8 26.Rdxd6 Rc7 27.Re4 b6 28.Kh2 Kg7
29.Kh3 Bc3 30.Bf3 Bb2 31.Rg4+ Kh8 32.Bd5 Re7 33.Rf4 Rfe8 34.Rf5 Be5 35.Rc6 Bd4
36.Kh4 Be3 37.Rf3 Re5 38.Rc7 R5e7 39.Rf8+ Rxf8 40.Rxe7 Bc5 41.Rxa7 h6 42.Kg4 Rf6
43.a4 Bb4 44.Rb7 Be1 45.Re7 Bd2 46.Re2 Bc3 47.Kh5 Kg7 48.g4 Bb4 49.Be6 Be7
50.Bf5 Bc5 51.Re5 Bd4 52.Re7+ Kf8 53.Re4 Bc5 54.Kh4 Be7 55.Kg3 Kf7 56.Kf3 Rd6
57.Re2 Rd4 58.Be4 Kf6 59.Bd5 Bc5 60.Re6+ Kg7 61.Rc6 Rd3+ 62.Ke4 Ra3 63.Kf5 Rxa4
64.Rc7+ Kf8 65.Kf6 Bd4+ 66.Kg6 Ra1 67.Rf7+ Ke8 68.Bc6+  1-0

[Event "zt 1.4"]
[Site "Budapest HUN"]
[Date "2000.06.17"]
[Round "1"]
[White "Grigore,G"]
[Black "Janev,E"]
[Result "1-0"]
[WhiteElo "2521"]
[BlackElo "2339"]

1.d4 d6 2.Nf3 Nf6 3.c4 g6 4.Nc3 Bg7 5.e4 O-O 6.Be2 e5 7.O-O exd4 8.Nxd4 Re8
9.f3 c6 10.Kh1 Nh5 11.g4 Qf6 12.Nxc6 bxc6 13.gxh5 Nd7 14.Be3 Qe7 15.Qd2 Nc5
16.Bg5 Qf8 17.Rfd1 Rb8 18.Rab1 Be5 19.b4 Ne6 20.Be3 Qe7 21.hxg6 hxg6 22.Rb3 Qh4
23.Bf1 a5 24.b5 Bb7 25.Qf2 Qh5 26.Ne2 cxb5 27.cxb5 Rbc8 28.Rbd3 Rc2 29.R1d2 Rxd2
30.Bxd2 Nc5 31.Re3 f5 32.exf5 Qxf5 33.Ng3 Qb1 34.Kg1 Qxa2 35.f4 Rf8 36.Rxe5 dxe5
37.Qxc5 Rc8 38.Qd6 Qf7 39.Qxe5 Bd5 40.b6 Qb7 41.Be3 Qd7 42.Bh3  1-0

[Event "zt 1.4"]
[Site "Budapest HUN"]
[Date "2000.06.18"]
[Round "2"]
[White "Chernin,A"]
[Black "Grigore,G"]
[Result "1/2-1/2"]
[WhiteElo "2583"]
[BlackElo "2521"]

1.d4 Nf6 2.c4 g6 3.Nc3 Bg7 4.e4 d6 5.Be2 O-O 6.Nf3 e5 7.O-O exd4 8.Nxd4 Re8
9.f3 Nh5 10.Be3 f5 11.Qd2 f4 12.Bf2 Be5 13.Rfd1 Na6  1/2-1/2

[Event "11th Open"]
[Site "Ljubljana SLO"]
[Date "2000.06.18"]
[Round "2"]
[White "Nikolov,S"]
[Black "Ciglic,B"]
[Result "1/2-1/2"]
[WhiteElo "2376"]
[BlackElo "2128"]

1.d4 Nf6 2.Nf3 g6 3.c4 Bg7 4.Nc3 O-O 5.e4 d6 6.Be2 e5 7.O-O exd4 8.Nxd4 Nc6
9.Be3 Re8 10.f3 Nh5 11.Qd2 Nf4 12.Rfd1 Nxe2+ 13.Ncxe2 Bd7 14.Rac1 b6 15.b4 Ne5
16.c5 dxc5 17.bxc5 Ba4 18.Nb3 Qxd2 19.Rxd2 b5 20.Bg5 h6 21.Bh4 a5 22.c6 Ra6
23.Ned4 Nc4 24.Rd3 Ne5 25.Rdc3 b4 26.Re3 Bxb3 27.axb3 g5 28.Bg3 Rd8 29.Nf5 f6
30.Bxe5 fxe5 31.Kf1 Bf8 32.Ke2 Kf7 33.Rd3 Rxd3 34.Kxd3 a4 35.bxa4 Rxa4 36.Rc2 Ke6
37.Kc4 Ra6 38.Kb3 Ra3+ 39.Kc4 Ra6 40.Kb5 Rb6+ 41.Ka5 b3 42.Rb2 Ba3 43.Rb1 b2
44.Ka4 Bf8 45.Ne3 Bc5 46.Nd5 Rxc6 47.Rxb2 Bd4 48.Rb7 Kd6 49.Rb8 Rc2 50.Rd8+ Kc5
51.Rc8 Rxg2 52.Rxc7+ Kd6 53.Rf7 Rxh2 54.Kb5 h5 55.Rf6+ Kd7 56.Rf5 h4 57.Rxg5 Rf2
58.Rh5 Rxf3 59.Rxh4 Rf1 60.Rh7+ Kd6 61.Rh6+ Kd7 62.Kc4 Rc1+ 63.Kd3 Rc6 64.Rh7+ Ke8
65.Rb7 Kd8 66.Ke2 Rg6 67.Kf3 Kc8 68.Rf7 Kd8 69.Nf6 Rg1 70.Ke2 Rg3 71.Kd2 Be3+
72.Kc2 Bd4 73.Rd7+ Kc8 74.Rh7 Rf3 75.Nd5 Kd8 76.Ne7 Kd7  1/2-1/2

[Event "It"]
[Site "Valjevo YUG"]
[Date "2000.06.20"]
[Round "4"]
[White "Damljanovic,B"]
[Black "Markovic,Miros"]
[Result "1/2-1/2"]
[WhiteElo "2534"]
[BlackElo "2586"]

1.Nf3 Nf6 2.c4 g6 3.Nc3 Bg7 4.e4 d6 5.d4 O-O 6.Be2 e5 7.Be3 Na6 8.d5 Ng4
9.Bg5 f6 10.Bh4 Nh6 11.Nd2 Nf7  1/2-1/2

[Event "11th Open"]
[Site "Ljubljana SLO"]
[Date "2000.06.23"]
[Round "7"]
[White "Gleizerov,E"]
[Black "Timoscenko,G"]
[Result "1/2-1/2"]
[WhiteElo "2508"]
[BlackElo "2519"]

1.d4 Nf6 2.c4 g6 3.Nc3 Bg7 4.Nf3 O-O 5.e4 d6 6.Be2 e5 7.dxe5 dxe5 8.Qxd8 Rxd8
9.Bg5 c6 10.Nxe5 Re8  1/2-1/2

[Event "White Nights Men"]
[Site "St Petersburg RUS"]
[Date "2000.06.25"]
[Round "3"]
[White "Kruppa,Y"]
[Black "Alekseev,E"]
[Result "1/2-1/2"]
[WhiteElo "2561"]
[BlackElo "2475"]

1.d4 Nf6 2.c4 g6 3.Nc3 Bg7 4.e4 d6 5.Nf3 O-O 6.Be2 e5 7.Be3 Ng4 8.Bg5 f6
9.Bc1 Nc6 10.d5 Ne7 11.h3 Nh6 12.h4 Nf7 13.h5 g5 14.Qc2 Bh6 15.g4 c5 16.Nd2 Bd7
17.Nf1 a6 18.Bd2 Rb8 19.Rb1 b5 20.cxb5 axb5 21.b4 Qc7 22.Ne3 Nc8 23.O-O Na7
24.Rfc1 Rfc8 25.Qd1 Qd8 26.Rb2 Rb7 27.Rcb1 Rcb8 28.Qf1 Qe8 29.Nc2 Bf8 30.Na3 c4
31.Nc2 Nc8 32.Be3 Nb6 33.a3 Be7 34.Ra2 Bd8 35.f3 Ra8 36.Kg2 Na4 37.Nxa4  1/2-1/2

[Event "XVIII Open"]
[Site "Andorra AND"]
[Date "2000.06.28"]
[Round "5"]
[White "Georgiev,Vl"]
[Black "Braga,F"]
[Result "1-0"]
[WhiteElo "2538"]
[BlackElo "2449"]

1.d4 Nf6 2.c4 g6 3.Nc3 Bg7 4.e4 d6 5.Nf3 O-O 6.Be2 e5 7.d5 a5 8.h3 Na6 9.Bg5 h6
10.Be3 Nd7 11.g4 Ndc5 12.Rg1 c6 13.Qd2 Kh7 14.h4 cxd5 15.cxd5 Bd7 16.h5 g5
17.Bxa6 Nxa6 18.a4 Nb4 19.Qe2 Qb8 20.Kd2 Rc8 21.Rgc1 Na6 22.Nb5 Rxc1 23.Rxc1 b6
24.Ne1 Nc5 25.Bxc5 bxc5 26.Nc2 Bf8 27.Nca3 Qc8 28.f3 Rb8 29.Rc3 Qd8 30.Rb3 Be7
31.Qc4 Be8 32.Nc2 Bf8 33.Ne3 Bd7 34.Qc3 Ra8 35.Nc4 Ra6 36.Kc1 Be7 37.Qd3 Qc8
38.Nc3 Bd8 39.Ne3 Ra7 40.Qc4 Kg8 41.Nf5 Bxf5 42.exf5 Kf8 43.Ne4 Ra6 44.Rb8 Qxb8
45.Qxa6 Bc7 46.Qb5 Qa8 47.Qd7  1-0

[Event "It Ingres"]
[Site "Montauban FRA"]
[Date "2000.06.28"]
[Round "7"]
[White "Komarov,D"]
[Black "Bergez,L"]
[Result "1-0"]
[WhiteElo "2568"]
[BlackElo "2424"]

1.d4 Nf6 2.Nf3 g6 3.c4 Bg7 4.Nc3 O-O 5.e4 d6 6.Be2 e5 7.Be3 exd4 8.Nxd4 Re8
9.f3 c6 10.Bf2 Nh5 11.Qd2 Be5 12.g3 Ng7 13.f4 Bf6 14.O-O-O Nd7 15.g4 Nc5
16.g5 Be7 17.h4 f5 18.Bf3 Bf8 19.Nxc6 Qb6 20.Nd4 fxe4 21.Be2 Qa6 22.Ndb5 Qa5
23.Nd5 Qxa2 24.Bxc5 dxc5 25.Nf6+ Kh8 26.Nc3 Qa1+ 27.Kc2 Qa5 28.h5 Bf5 29.hxg6 h5
30.Qd5 Be6 31.Bxh5 Bxd5 32.Bg4+ Nh5 33.Rxh5+ Kg7 34.Rxd5 Kxg6 35.Rh7  1-0

[Event "White Nights Open"]
[Site "St Petersburg RUS"]
[Date "2000.06.28"]
[Round "5"]
[White "Kazakov,V"]
[Black "Gladyszev,O"]
[Result "0-1"]
[WhiteElo "2102"]
[BlackElo "2349"]

1.d4 Nf6 2.c4 g6 3.Nc3 Bg7 4.e4 d6 5.Nf3 O-O 6.Be2 e5 7.dxe5 dxe5 8.Qxd8 Rxd8
9.Bg5 c6 10.Nxe5 Re8 11.Bf4 Na6 12.O-O-O Nc5 13.f3 Nh5 14.Be3 Nxe4 15.fxe4 Bxe5
16.Bd4 Bxd4 17.Rxd4 Nf4 18.Bf3 g5 19.g3 Ng6 20.b3 Ne5 21.Rf1 Bh3 22.Rf2 Rad8
23.Rxd8 Rxd8 24.Be2 Kg7 25.Kc2 h6 26.Bf1 Ng4 27.Rxf7+ Kxf7 28.Bxh3 Nxh2 29.Ne2 Nf3
30.Bg4 Rd2+ 31.Kb1 Rxe2 32.Bxf3 Re3 33.Bh5+ Kf6 34.g4 Re2 35.a3 c5 36.b4 b6
37.bxc5 bxc5 38.a4 a5 39.Kc1 Rg2 40.Kb1 Ke5 41.Be8 Rxg4 42.Bc6 Rg2 43.Be8 g4  0-1

[Event "White Nights Open"]
[Site "St Petersburg RUS"]
[Date "2000.06.29"]
[Round "6"]
[White "Kuzmin,G2"]
[Black "Novikov,M"]
[Result "1-0"]
[WhiteElo "2215"]
[BlackElo "2408"]

1.d4 Nf6 2.Nf3 g6 3.c4 Bg7 4.Nc3 O-O 5.e4 d6 6.Be2 e5 7.d5 Nbd7 8.Bg5 h6
9.Bh4 g5 10.Bg3 Nh5 11.h4 g4 12.Nh2 Nxg3 13.fxg3 h5 14.O-O Bh6 15.Bd3 Nf6
16.Qe2 Ne8 17.Rf2 c6 18.Nf1 Qb6 19.Kh2 f6 20.Rd1 Bd7 21.a3 Kh7 22.b4 Qc7
23.Ne3 a5 24.dxc6 bxc6 25.Nf5 axb4 26.axb4 Ra3 27.Nb1 Ra4 28.Nxh6 Kxh6 29.Rdf1 Kg7
30.b5 Qa5 31.bxc6 Bxc6 32.Rf5 Rh8 33.Rxh5 Bd7 34.Rxh8 Kxh8 35.Qd1 Kg7 36.Be2 Ra1
37.Qb3 Qa2 38.Qd3 Qa5 39.Rc1 Be6 40.Qd1 Qb4 41.Bxg4 Bxc4 42.Nd2 Rxc1 43.Qxc1 Bf7
44.h5 Qc5 45.Qd1 Qe3 46.Bf3 Qf2 47.Nf1 Qd4 48.Qc1 Qc5 49.Qd2 Qd4 50.Qe1 Kh7
51.Bg4 Ng7 52.Qe2 Bc4 53.Qf3 Bxf1 54.Bf5+ Kg8 55.Qxf1 d5 56.Bg6 dxe4 57.Qxf6  1-0

[Event "White Nights Open"]
[Site "St Petersburg RUS"]
[Date "2000.06.29"]
[Round "6"]
[White "Fedorov,A"]
[Black "Gladyszev,O"]
[Result "0-1"]
[WhiteElo "2684"]
[BlackElo "2349"]

1.d4 Nf6 2.c4 g6 3.Nc3 Bg7 4.e4 d6 5.Nf3 O-O 6.Be2 e5 7.d5 a5 8.O-O Na6 9.Ne1 Nc5
10.Qc2 Nfd7 11.Be3 f5 12.f3 f4 13.Bf2 g5 14.Na4 Nxa4 15.Qxa4 Rf6 16.b4 Rh6
17.c5 Nf6 18.cxd6 cxd6 19.bxa5 g4 20.fxg4 Nxg4 21.Nf3 Nxf2 22.Rxf2 Rxa5 23.Qb4 Rc5
24.Rff1 Qc7 25.Qa4 Bf8 26.Rfd1 Rg6 27.Kh1 Bg4 28.Rab1 Qc8 29.Rd2 Rg7 30.Ng1 Bd7
31.Qb4 b5 32.Rdb2 Be8 33.Qa3 Bg6 34.Bd3 Rc3 35.Rb3 Rxd3 36.Rxd3 Bxe4 37.Rb2 Bxd3
38.Qxd3 Qc4 39.Qxc4 bxc4 40.Rc2 Rc7 41.Nh3 Rc5 42.Kg1 Rxd5 43.Rxc4 Rd1+ 44.Kf2 Rd2+
45.Kf3 Rxa2 46.Ng5 h6 47.Ne4 Kf7 48.Rc7+ Ke6 49.Rc8 Be7 50.Rh8 Kf5 51.g4+ Kg6
52.Rc8 d5 53.Rc6+ Kf7 54.Nc3 Rd2 55.Rc7 Ke6 56.Nb5 Bh4 57.g5 h5 58.Nd4+ Rxd4  0-1

[Event "White Nights Women"]
[Site "St Petersburg RUS"]
[Date "2000.06.30"]
[Round "7"]
[White "Ovod,E"]
[Black "Lymar,I"]
[Result "1-0"]
[WhiteElo "2318"]
[BlackElo "2347"]

1.d4 Nf6 2.c4 g6 3.Nc3 Bg7 4.e4 d6 5.Nf3 O-O 6.Be2 Nbd7 7.O-O e5 8.Be3 Re8
9.d5 Ng4 10.Bg5 f6 11.Bd2 Nh6 12.b4 Nf7 13.Qc2 Nf8 14.Bd3 Bg4 15.Ne1 c5 16.dxc6 bxc6
17.Qa4 Bd7 18.b5 cxb5 19.cxb5 a6 20.Qb4 axb5 21.Nxb5 Ne6 22.Be3 Qb8 23.Nc2 Nf4
24.Bc4 d5 25.exd5 Rc8 26.a4 Bxb5 27.axb5 Rxa1 28.Nxa1 Bf8 29.d6 Bxd6 30.Qb3 Qc7
31.Rc1 Kg7 32.g3 Qd7 33.gxf4 Qg4+ 34.Kf1 Qh3+ 35.Ke1 exf4 36.Be6 Rxc1+ 37.Bxc1 Qxh2
38.Bxf7 Qg1+ 39.Ke2 Qxc1 40.Nc2 Bc5 41.Ne1 Bb6 42.Bc4 g5 43.Qb4 Kg6 44.Bd3+ Kh5
45.Qe4 Qb2+ 46.Nc2 h6 47.Qh1+ Kg4 48.Qg2+ Kh4 49.Qh2+  1-0

[Event "AKN Open"]
[Site "Haarlem NED"]
[Date "2000.07.01"]
[Round "3"]
[White "Szuveges,G"]
[Black "Ragozin,E"]
[Result "1-0"]
[WhiteElo "2203"]
[BlackElo "2475"]

1.d4 Nf6 2.c4 g6 3.Nc3 Bg7 4.e4 d6 5.Nf3 O-O 6.Be2 e5 7.d5 a5 8.Bg5 h6 9.Bh4 Qe8
10.Nd2 Nh7 11.O-O Na6 12.a3 Bd7 13.Nb5 h5 14.f3 Bh6 15.Qc2 f5 16.exf5 Be3+
17.Kh1 gxf5 18.Qc3 Bb6 19.b4 Qg6 20.c5 axb4 21.axb4 dxc5 22.bxc5 Bxc5 23.Nxc7 Bd4
24.Qc4 b5 25.Nxb5 Rfc8 26.Rxa6 Qxa6 27.Qb3 Qa2 28.Nxd4 exd4 29.Qb6 Be8 30.Qxd4 Bf7
31.d6 Ra4 32.d7 Rd8 33.Qb6 Rxd7 34.Bb5 Qxd2 35.Bxa4 Rd4 36.Qb8+ Kg7 37.Qe5+ Kg6
38.Qg3+ Kh6 39.Qc7 Rxa4 40.Qxf7 Rxh4 41.Qe6+ Kg5 42.Qe7+ Nf6 43.Qg7+ Kf4
44.Qg3+ Ke3  1-0

[Event "ch-SVK U-20"]
[Site "Bratislava SVK"]
[Date "2000.07.02"]
[Round "6"]
[White "Markos,J"]
[Black "Fraas,M"]
[Result "1/2-1/2"]
[WhiteElo "2225"]
[BlackElo "2215"]

1.d4 Nf6 2.c4 g6 3.Nc3 Bg7 4.e4 d6 5.Nf3 O-O 6.Be2 e5 7.d5 a5 8.Bg5 Na6 9.Nd2 Nc5
10.O-O c6 11.b3 Qd7 12.a3 Ng4 13.Bxg4 Qxg4 14.Be7 Bh6 15.Bxf8 Kxf8 16.Nf3 Ra6
17.dxc6 Rxc6 18.b4 Ne6 19.h3 Qh5 20.b5 Rxc4 21.Qxd6+ Kg7 22.Ne2 Nf4 23.Nxf4 Bxf4
24.Qd3 Bxh3 25.gxh3 Qxh3 26.Rfd1 Rd4 27.Qe2 Qg4+ 28.Kf1 Qh3+  1/2-1/2

[Event "It"]
[Site "Techirghiol ROM"]
[Date "2000.07.02"]
[Round "1"]
[White "Dulgher,A"]
[Black "Ciornei,D"]
[Result "1/2-1/2"]
[WhiteElo "2220"]
[BlackElo "2121"]

1.d4 Nf6 2.Nf3 g6 3.c4 Bg7 4.Nc3 O-O 5.e4 d6 6.Be2 e5 7.d5 a5 8.Bg5 h6 9.Bh4 Na6
10.Nd2 Qe8 11.O-O Nh7 12.a3 Bd7 13.b4 h5 14.b5 Nc5 15.f3 b6 16.Nb3 Nb7 17.Bd3 f5
18.exf5 gxf5 19.Qc2 Qg6 20.Rae1 Bf6 21.Bxf6 Nxf6 22.Kh1 Rf7 23.Rg1 Kh8 24.a4 Rg8
25.Qf2 h4 26.g4 hxg3 27.Rxg3  1/2-1/2

[Event "29th ch-GRE Team"]
[Site "Athens GRE"]
[Date "2000.07.07"]
[Round "2"]
[White "Vouldis,A"]
[Black "Georgiev,Kr"]
[Result "1/2-1/2"]
[WhiteElo "2497"]
[BlackElo "2521"]

1.d4 Nf6 2.c4 g6 3.Nc3 Bg7 4.e4 d6 5.Nf3 O-O 6.Be2 e5 7.dxe5 dxe5 8.Qxd8 Rxd8
9.Nd5 Nxd5 10.cxd5 c6 11.Bc4 cxd5 12.Bxd5 Na6 13.Bg5  1/2-1/2

[Event "29th ch-GRE Team"]
[Site "Athens GRE"]
[Date "2000.07.07"]
[Round "2"]
[White "Grivas,E"]
[Black "Markidis,K"]
[Result "1/2-1/2"]
[WhiteElo "2503"]
[BlackElo "2333"]

1.d4 Nf6 2.c4 g6 3.Nc3 Bg7 4.e4 d6 5.Nf3 O-O 6.Be2 e5 7.d5 a5 8.h3 Na6 9.Bg5 h6
10.Be3 Nc5 11.Nd2 Bd7 12.g4 Nh7 13.h4 f5 14.gxf5 gxf5 15.exf5 Bxf5 16.Bxc5 dxc5
17.Bg4 Bxg4 18.Qxg4 Rf4 19.Qg3 Qf8 20.f3 a4 21.a3 Ra6 22.O-O-O Nf6 23.Qg1 e4
24.Ndxe4 Nxe4 25.Nxe4 Rxf3 26.Nxc5 Qf4+ 27.Rd2 Qxc4+ 28.Rc2 Qf4+ 29.Kb1 Rb6
30.Ne6 Qe5 31.Qxg7+ Qxg7 32.Nxg7 Kxg7 33.Rxc7+ Kf6 34.Rd1 Rf2 35.Rc2 Rxc2
36.Kxc2 Ke5 37.h5 Kd6 38.Rd4 Rb5 39.Rg4 Rc5+ 40.Kb1 Kxd5 41.Rxa4 Kd6 42.Rh4 b5
43.Ka2 Rf5 44.Kb3 Kc5 45.Rh3 Rg5 46.Kc3 Rd5 47.Kc2 Kb6 48.Kb3 Kc5 49.a4 Kb6
50.Ka3 bxa4 51.Kxa4 Rd4+ 52.Kb3 Kb5 53.Kc3 Rd5 54.Rh4 Kc5 55.Rh2 Kb5 56.Rh1 Kc5
57.Ra1 Kb5 58.b4 Kb6 59.Ra5 Rxa5 60.bxa5+ Kxa5 61.Kd4 Kb6 62.Ke5 Kc7 63.Kf6 Kd7
64.Kg7 Ke7 65.Kxh6 Kf8 66.Kh7 Kf7 67.h6 Kf8 68.Kh8 Kf7 69.h7 Kf8  1/2-1/2

[Event "29th ch-GRE Team"]
[Site "Athens GRE"]
[Date "2000.07.07"]
[Round "2"]
[White "Halkias,S"]
[Black "Nikolaidis,I"]
[Result "1-0"]
[WhiteElo "2482"]
[BlackElo "2530"]

1.d4 Nf6 2.Nf3 g6 3.c4 Bg7 4.Nc3 d6 5.e4 O-O 6.Be2 e5 7.Be3 Ng4 8.Bg5 f6
9.Bh4 Nc6 10.d5 Ne7 11.Nd2 Nh6 12.f3 c5 13.dxc6 bxc6 14.b4 Be6 15.Nb3 d5
16.O-O d4 17.Na4 g5 18.Bf2 Ng6 19.Nac5 Bf7 20.g3 Re8 21.Na5 Qc7 22.Qa4 Rec8
23.Rfc1 Bf8 24.Rab1 a6 25.Be1 Be7 26.Qc2 Nf8 27.Na4 Nd7 28.c5 Kg7 29.Bd2 Rcb8
30.Nc4 Ra7 31.Nab6 Bg6 32.Bd3 Nf8 33.a4 Nf7 34.a5 Rd8 35.Qb3 h5 36.Rc2 Bh7
37.Rbc1 Bg8 38.Qa4 Ng6 39.Nd6 Nh6 40.Kh1  1-0

[Event "Staffordshire IM"]
[Site "Lichfield ENG"]
[Date "2000.07.08"]
[Round "3"]
[White "Beaumont,C"]
[Black "Wallace,P"]
[Result "1-0"]
[WhiteElo "2290"]
[BlackElo "2210"]

1.Nf3 Nf6 2.c4 g6 3.Nc3 Bg7 4.e4 d6 5.d4 O-O 6.Be2 e5 7.O-O Nbd7 8.Qc2 Re8
9.Rd1 c6 10.d5 c5 11.a3 Nh5 12.g3 Ndf6 13.b4 b6 14.bxc5 bxc5 15.Rb1 Ng4 16.Bg5 Qd7
17.Qa4 Qxa4 18.Nxa4 Bd7 19.Nc3 Rab8 20.Nb5 Bxb5 21.cxb5 f5 22.Nh4 Ngf6 23.exf5 Ne4
24.fxg6 Nhf6 25.gxh7+ Nxh7 26.Bd2 Nxd2 27.Rxd2 Rf8 28.Bg4 Ng5 29.Be6+ Kh7
30.Kg2 Rbe8 31.Bd7 Rd8 32.Bf5+ Kh6 33.f3 Rb8 34.Bd3  1-0

[Event "Schuhplattler Veterans vs Ladies"]
[Site "Munich GER"]
[Date "2000.07.08"]
[Round "5"]
[White "Ioseliani,N"]
[Black "Hort,V"]
[Result "1/2-1/2"]
[WhiteElo "2476"]
[BlackElo "2539"]

1.d4 Nf6 2.c4 g6 3.Nc3 Bg7 4.e4 d6 5.Be2 O-O 6.Nf3 e5 7.O-O Nbd7 8.Qc2 c6
9.Rd1 Re8 10.d5 c5 11.Ne1 Rf8 12.a3 Ne8 13.Be3 f5 14.f3 f4 15.Bf2 g5 16.b4 Rf6
17.bxc5 Nxc5 18.Nd3 b6 19.a4 a5 20.Rab1 Rg6 21.Nxc5 bxc5 22.Rb3 Nc7 23.g4 h5
24.h3 Na6 25.Kg2 Nb4 26.Qd2 Ra7 27.Nb5 Rf7 28.Rh1 Bf6 29.Qd1 Rh7 30.Be1 Rgh6
31.Qb1 Qd7 32.Qd1 Bd8 33.Bf2 Rh8 34.Qb1 Be7 35.Be1 Bf8 36.Bf2 Be7 37.Be1 Bd8
38.Bf2 Bb6 39.Qg1 Qe7 40.Qa1 Bd8 41.Kg1 R8h7 42.Qd1 Qf6 43.Rc3 Bd7 44.Bf1 Kh8
45.Bg2 Qf8 46.Ra3 Be8 47.Rc3 Kg8 48.Qe2 Rg7 49.Ra3 Bd7  1/2-1/2

[Event "t-EuCh U18"]
[Site "Balatonlelle HUN"]
[Date "2000.07.09"]
[Round "1"]
[White "Buss,R"]
[Black "Djukic,Ni"]
[Result "0-1"]
[WhiteElo "2183"]
[BlackElo "2332"]

1.d4 Nf6 2.c4 g6 3.Nc3 Bg7 4.e4 d6 5.Be2 O-O 6.Nf3 e5 7.dxe5 dxe5 8.Qxd8 Rxd8
9.Bg5 c6 10.O-O Re8 11.Ne1 Nbd7 12.Nc2 Nc5 13.f3 Ne6 14.Be3 Nf4 15.Rfd1 Nxe2+
16.Nxe2 Be6 17.b3 Nd7 18.Rd2 f5 19.Nc3 Nf6 20.h3 f4 21.Bf2 g5 22.Rad1 h5
23.a4 Kf7 24.a5 g4 25.hxg4 hxg4 26.Kf1 Rh8 27.Na4 Rh1+ 28.Ke2 Rh2 29.Rg1 Rg8
30.Rdd1 Bf8 31.Rdf1 b5 32.axb6 axb6 33.Kd3 gxf3 34.gxf3 Rxf2  0-1

[Event "29th ch-GRE Team"]
[Site "Athens GRE"]
[Date "2000.07.10"]
[Round "5"]
[White "Bras,E"]
[Black "Georgiev,Kr"]
[Result "0-1"]
[WhiteElo "2143"]
[BlackElo "2521"]

1.d4 Nf6 2.Nf3 g6 3.c4 Bg7 4.Nc3 O-O 5.e4 d6 6.Be2 e5 7.dxe5 dxe5 8.O-O c6
9.Qxd8 Rxd8 10.h3 Nh5 11.Be3 Nf4 12.Rfd1 Nxe2+ 13.Nxe2 Re8 14.Ne1 f5 15.f3 Nd7
16.Nc3 Bf8 17.Nd3 f4 18.Bf2 g5 19.b4 h5 20.Kf1 Nb6 21.c5 Nc4 22.Na4 Be6 23.a3 g4
24.hxg4 hxg4 25.Nab2 g3 26.Bg1 a5 27.Ke1 axb4 28.axb4 Na3 29.Kd2 Bg7 30.Rdc1 Kf7
31.Ke2 Rh8 32.Rc3 Nb5 33.Rcc1 Ba2 34.Kd2 Ra3 35.Nd1 Rh1 36.Nc3 Rxg1 37.Rxg1 Nxc3
38.Nb2 Nb5 39.Nd3 Bc4 40.Rxa3 Nxa3 41.Ra1 Nb5 42.Ra8 Nd4 43.Ra7 Ba6 44.Ra8 Nxf3+  0-1

[Event "Golden Tulip"]
[Site "Fribourg SUI"]
[Date "2000.07.10"]
[Round "6"]
[White "Kiss,Pa"]
[Black "Joksic,S"]
[Result "1-0"]
[WhiteElo "2401"]
[BlackElo "2306"]

1.d4 g6 2.e4 Bg7 3.c4 d6 4.Nc3 Nf6 5.Be2 O-O 6.Nf3 e5 7.d5 Na6 8.Bg5 h6 9.Bh4 g5
10.Bg3 Nc5 11.Nd2 a5 12.O-O c6 13.Qc2 Bd7 14.Rfc1 Qb8 15.b3 Rc8 16.Qb1 cxd5
17.cxd5 b5 18.f3 Nh5 19.Bf2 b4 20.Nd1 Bb5 21.Bxb5 Qxb5 22.Nc4 Qa6 23.Ndb2 Nf4
24.Kf1 f5 25.g3 Nh3 26.Bxc5 Rxc5 27.Na4 Rc7 28.Kg2 g4 29.exf5 Qb5 30.fxg4 Ng5
31.h4 Qxd5+ 32.Kh2 Nf3+ 33.Kh3 Rd8 34.Rd1 Qb5 35.Qe4 Nd4 36.Rxd4 exd4 37.Qe6+ Kh8
38.f6 Bf8 39.Re1 Qd7 40.Qxd7 Rdxd7 41.g5 Kh7 42.Kg4 Kg6 43.Nab6 Rh7 44.h5+  1-0

[Event "t-EuCh U18"]
[Site "Balatonlelle HUN"]
[Date "2000.07.11"]
[Round "3"]
[White "Buss,R"]
[Black "Kuljasevic,D"]
[Result "0-1"]
[WhiteElo "2183"]
[BlackElo "2124"]

1.d4 Nf6 2.c4 g6 3.Nc3 Bg7 4.e4 d6 5.Be2 O-O 6.Nf3 Nbd7 7.O-O e5 8.Re1 c6
9.Bf1 Re8 10.d5 c5 11.Rb1 Rf8 12.a3 a5 13.Nb5 Ne8 14.Be3 Ndf6 15.Qc2 a4 16.h3 h6
17.Nh2 Kh7 18.f3 Nh5 19.Nc3 Qd7 20.Bd3 Nf4 21.Bxf4 exf4 22.Ne2 Be5 23.Ng4 f6
24.g3 fxg3 25.f4 h5 26.fxe5 fxe5 27.Rf1 Rxf1+ 28.Rxf1 hxg4 29.Nxg3 gxh3 30.Kh2 Qe7
31.Qd1 Nf6 32.Qf3 Kg7 33.Rg1 Bg4 34.Qf2 Rf8 35.Be2 Nxe4 36.Qe3 Rf2+ 37.Kh1 h2
38.Bxg4 hxg1=Q+ 39.Kxg1 Rf4 40.Be6 Qg5  0-1

[Event "t-EuCh U18"]
[Site "Balatonlelle HUN"]
[Date "2000.07.11"]
[Round "3"]
[White "Kuemin,S"]
[Black "Jankovic,A"]
[Result "1/2-1/2"]
[WhiteElo "2259"]
[BlackElo "2343"]

1.d4 Nf6 2.c4 g6 3.Nc3 Bg7 4.e4 d6 5.Nf3 O-O 6.Be2 e5 7.O-O Nbd7 8.Re1 c6
9.Bf1 exd4 10.Nxd4 Re8 11.Nc2 Qe7 12.f3 Nh5 13.Be3 Ne5 14.Qd2 Be6 15.b3 Rad8
16.Rad1 b6 17.Nd4 Bc8 18.Qf2 Qf6 19.Qd2 Qe7  1/2-1/2

[Event "Golden Cleopatra Open"]
[Site "Cairo EGY"]
[Date "2000.07.12"]
[Round "2"]
[White "Sundararajan,K"]
[Black "Abdel Aziem,R"]
[Result "1/2-1/2"]
[WhiteElo "2433"]
[BlackElo "2230"]

1.d4 Nf6 2.c4 g6 3.Nc3 Bg7 4.e4 d6 5.Nf3 O-O 6.Be2 e5 7.Be3 Nc6 8.d5 Ne7
9.Nd2 Ne8 10.c5 f5 11.f3 Rf7 12.Nc4 Bf8 13.a4 f4 14.Bf2 g5 15.cxd6 cxd6 16.Nb5 a6
17.Nba3 Ng6 18.Nb6 Rb8 19.Rc1 Nf6 20.Rc4 h5 21.h3 Bd7 22.a5 Rg7 23.b4 Be7
24.Qc2 Nh4 25.Bf1 Ne8 26.Rc3 Ng6 27.Nxd7 Qxd7 28.Nc4 Bd8 29.Nb6 Bxb6 30.Bxb6 g4
31.hxg4 hxg4 32.fxg4 Qxg4 33.Qe2 Qd7 34.Qc2 Qg4 35.Bf2 Ne7 36.Rh2 Rc8 37.Be2 Rxc3
38.Qxc3 Qd7 39.Qh3 Qxh3 40.gxh3 Nf6 41.Bf3 Kf7 42.Ke2 Rg8 43.Kd3 Re8 44.Be2 Rc8
45.Bf3 Re8 46.Bg2 Rh8 47.Rh1 Rc8 48.Bf3 Re8 49.Re1 Rc8 50.h4 Neg8 51.Rg1 Nh6
52.h5 Rg8 53.Rc1 Re8 54.Bh4 Re7 55.Rc8 Rd7 56.Bg5 Kg7 57.Bd1 Nhg4 58.Bh4 Rf7
59.Bf3 Nh2 60.Ke2 Rd7 61.Bg2 Rf7 62.Bf3 Nxf3 63.Kxf3 Rd7 64.Rc1 Ng8 65.Kg4 Nh6+
66.Kf3 Kh7 67.Rc8 Kg7 68.Rc1 Kh7 69.Rc8 Kg7 70.Rc1 Nf7 71.Kg4 Nh6+ 72.Kf3  1/2-1/2

[Event "t-EuCh U18"]
[Site "Balatonlelle HUN"]
[Date "2000.07.13"]
[Round "5"]
[White "Szeberenyi,A"]
[Black "Jankovic,A"]
[Result "1-0"]
[WhiteElo "2357"]
[BlackElo "2343"]

1.d4 Nf6 2.c4 g6 3.Nc3 Bg7 4.e4 d6 5.Be2 O-O 6.Nf3 e5 7.O-O Nbd7 8.Qc2 c6
9.Rd1 Qe7 10.d5 c5 11.Bg5 h6 12.Bh4 Rd8 13.a3 Nf8 14.b4 b6 15.Nd2 h5 16.f3 Bh6
17.Nb3 Be3+ 18.Kh1 g5 19.Be1 Ng6 20.bxc5 Bxc5 21.Nxc5 bxc5 22.Bd2 Ne8 23.Qc1 f6
24.g3 h4 25.g4 Bd7 26.Rb1 Rdb8 27.Qc2 Qd8 28.Rdc1 Kf7 29.Nd1 Qc7 30.Ne3 Rxb1
31.Rxb1 Rb8 32.Bd1 Ke7 33.Nf5+ Bxf5 34.exf5 Nf8 35.Qc1 Rxb1 36.Qxb1 Qb6 37.Qc1 Nh7
38.a4 Nc7 39.a5 Qb7 40.Ba4 a6 41.Be1 Qb8 42.Bc3 Kf7 43.Qa1 Qb7 44.Kg2 Ke7
45.Kf2 Kd8 46.Qa2 Ke7 47.Ke3 Qb8 48.Ke4 Qb7 49.Kd3 Qb8 50.Kd2 Qb7 51.Kd1 Qb8
52.Kc1 Qb7 53.Kc2 Qb8 54.Bc6 Nf8 55.Qa3 Nh7 56.Be1 Nf8 57.Qe3 Kf7 58.Qc1 Ke7
59.Qd2 Nh7 60.Bf2 Kd8 61.Qe1 Nf8 62.Qc3 Nh7 63.Qa3 Nf8 64.Bxc5 dxc5 65.Qxc5 Nd7
66.Bxd7 Kxd7 67.Qc6+ Kd8 68.Qxf6+ Kd7 69.Qc6+ Kd8 70.Qd6+ Ke8 71.f6  1-0